Les Pays qui ont remportés l'Eurovision (2025). - Statistiques

Statistiques générales
  • Ce quiz a été pris 70 fois
  • Le résultat moyen est 24 sur 27
Statistiques - réponses
Nombre de victoires Pays Première victoire % Correct
2 Allemagne 1982
100%
2 Espagne 1968
100%
5 France 1958
100%
1 Portugal 2017
97%
5 Royaume-Uni 1967
97%
3 Suisse 1956
97%
3 Italie 1964
96%
3 Norvège 1985
96%
7 Suède 1974
96%
3 Autriche 1966
94%
1 Finlande 2006
93%
7 Irlande 1970
93%
1 Russie 2008
91%
3 Ukraine 2004
91%
1 Belgique 1986
90%
1 Estonie 2001
90%
5 Pays-Bas 1957
90%
3 Danemark 1963
88%
1 Lettonie 2002
88%
4 Israël 1978
87%
1 Grèce 2005
85%
5 Luxembourg 1961
84%
1 Turquie 2003
78%
1 Serbie 2007
73%
1 Azerbaïdjan 2011
61%
1 Yougoslavie 1989
58%
1 Monaco 1971
54%
Aucun quiz correspondant
Distribution des résultats
% des personnes avec chaque résultat
Percentile par nombre de réponses
Votre historique - résultats
Vous n’avez pas pris ce quiz